[Event "Bogota Rapid op"]
[Site "Bogota"]
[Date "2024.12.21"]
[Round "3"]
[White "Acosta Cuenca, Hector Bernando"]
[Black "Garcia Alarcon, Alvaro"]
[Result "1/2-1/2"]
[WhiteElo "1894"]
[BlackElo "2081"]
[PlyCount "103"]
[EventDate "2024.12.21"]
[EventType "swiss (rapid)"]
[EventRounds "9"]
[EventCountry "COL"]
[SourceTitle "CB52_2024"]
[SourceDate "2024.12.25"]
[SourceVersion "1"]
[SourceVersionDate "2024.12.25"]
[SourceQuality "1"]

1. Nf3 Nf6 2. b3 g6 3. Bb2 Bg7 4. c4 0-0 5. e3 c5 6. d3 d6 7. Nbd2 Nc6 8. a3 e5 9. Qc2 h6 10. Be2 Bf5 11. Nh4 Be6 12. Nhf3 a6 13. 0-0 Rc8 14. Rac1 b6 15. Rfe1 a5 16. Qb1 d5 17. cxd5 Nxd5 18. Qa1 f6 19. d4 cxd4 20. exd4 Nxd4 21. Nxd4 exd4 22. Bxd4 Rxc1 23. Rxc1 Nf4 24. Bf1 Bd5 25. Qb2 Bxg2 26. Bc4+ Bd5 27. Bf1 Qd7 28. f3 Qf5 29. Bxb6 Nd3 30. Bxd3 Qxd3 31. Qd4 Qxd4+ 32. Bxd4 Rb8 33. Rc5 Bf7 34. Rxa5 Rd8 35. Be3 Rd3 36. Kf2 Bxb3 37. Nxb3 Rxb3 38. Ra8+ Kh7 39. a4 f5 40. h4 Bf6 41. Ra7+ Kg8 42. Bxh6 Bxh4+ 43. Ke2 g5 44. a5 f4 45. Rg7+ Kh8 46. Rd7 Re3+ 47. Kd2 Be1+ 48. Kd1 Bxa5 49. Bxg5 Rxf3 50. Rf7 Rf1+ 51. Ke2 Re1+ 52. Kf3 1/2-1/2

[Event "Bogota Rapid op"]
[Site "Bogota"]
[Date "2024.12.21"]
[Round "4"]
[White "Garcia Mendez, Engels Vladimir"]
[Black "Acosta Cuenca, Hector Bernando"]
[Result "0-1"]
[WhiteElo "2033"]
[BlackElo "1894"]
[PlyCount "106"]
[EventDate "2024.12.21"]
[EventType "swiss (rapid)"]
[EventRounds "9"]
[EventCountry "COL"]
[SourceTitle "CB52_2024"]
[SourceDate "2024.12.25"]
[SourceVersion "1"]
[SourceVersionDate "2024.12.25"]
[SourceQuality "1"]

1. Nc3 c5 2. Nf3 Nf6 3. e4 d6 4. d4 cxd4 5. Nxd4 a6 6. Be3 Ng4 7. Bg5 h6 8. Bh4 g5 9. Bg3 Bg7 10. Be2 Ne5 11. Qd2 Nbc6 12. Nb3 Be6 13. 0-0-0 Rc8 14. Kb1 b5 15. h4 gxh4 16. Bxh4 Nc4 17. Bxc4 bxc4 18. Nc1 Qa5 19. Nd5 Qxd2 20. Rxd2 Bxd5 21. exd5 Ne5 22. c3 Kd7 23. Re1 Ng6 24. Bg3 Rb8 25. Re4 Bxc3 26. Rc2 Bf6 27. Rexc4 Rhc8 28. Nd3 Rxc4 29. Rxc4 Rb5 30. Kc2 Rxd5 31. Nb4 Rb5 32. a4 Rc5 33. Rxc5 dxc5 34. Nxa6 Kc6 35. Nb8+ Kb7 36. Nd7 Bd4 37. Kd3 Bxb2 38. Nxc5+ Ka8 39. Kc4 Ne5+ 40. Kd5 Ng6 41. Kc6 e5 42. a5 f5 43. f3 Bd4 44. Ne6 Ka7 45. Nxd4 exd4 46. Bf2 Ka6 47. Bxd4 Kxa5 48. Kd5 Nh4 49. Ke6 f4 50. Bg7 h5 51. Kf7 Nxg2 52. Kg6 h4 53. Be5 h3 0-1

[Event "Bogota Rapid op"]
[Site "Bogota"]
[Date "2024.12.21"]
[Round "2"]
[White "Sanchez Bustos, Miguel Angel"]
[Black "Acosta Cuenca, Hector Bernando"]
[Result "0-1"]
[WhiteElo "1926"]
[BlackElo "1894"]
[PlyCount "64"]
[EventDate "2024.12.21"]
[EventType "swiss (rapid)"]
[EventRounds "9"]
[EventCountry "COL"]
[SourceTitle "CB52_2024"]
[SourceDate "2024.12.25"]
[SourceVersion "1"]
[SourceVersionDate "2024.12.25"]
[SourceQuality "1"]

1. d4 d5 2. Bf4 c5 3. c3 cxd4 4. cxd4 a6 5. Nc3 Nf6 6. e3 e6 7. Nf3 Bd6 8. Ne5 Nc6 9. Qa4 Bxe5 10. Bxe5 Bd7 11. Qa3 Nxe5 12. dxe5 Ng8 13. Bd3 Ne7 14. 0-0 0-0 15. Rac1 Rc8 16. Ne2 Re8 17. Nd4 Rxc1 18. Rxc1 Nc6 19. f4 Nxd4 20. exd4 Qb6 21. Qc3 g6 22. Qc5 Qxb2 23. Rb1 Qd2 24. Bf1 Qe3+ 25. Kh1 Qxf4 26. Qd6 Bb5 27. Bxb5 axb5 28. Qd7 Ra8 29. Qxb5 Rxa2 30. Qxb7 Qxd4 31. Qb8+ Kg7 32. Rf1 Ra1 0-1